| 000 | 00338nam a2200133 i 4500 | ||
|---|---|---|---|
| 001 | bg | ||
| 100 | 1 | _aMOROZ, B. B. | |
| 245 | 0 |
_aDejstvie polonija-210 na organizm / _cB. B. Moroz, Ju. D. Parfenov. |
|
| 260 |
_aMoskva : _bAtomizdat, _c1971. |
||
| 040 | _cBPK | ||
| 041 | _apol | ||
| 942 | _cKS | ||
| 008 | s pl f |000 0 pol | ||
| 999 |
_c25375 _d25375 |
||
| 856 |
_uhttp://koha.tu.koszalin.pl/cgi-bin/koha/opac-detail.pl?biblionumber=25375 _yKatalog online BPK |
||